000 00533nam a2200193Ia 4500
003 LK-CoDNM
005 20240305150039.0
008 010623t1931 xxu||||| |||| 00| 1 sin d
040 _aLK-CoDNM
_dLK-CoDNM
_eLK-CoDNM
041 _asin
080 _a104 Z7
100 _aShariputra thero,Aluthgama
245 _aදඹදිව වන්දනා ගමන් විස්තරය
246 _aDambadiva Vandanaa Gaman Vistharaya
260 _b104 Z7
_c1931
300 _bDamaged
_a23p.,22 cm
650 _aIndia
942 _cBK
999 _c95848
_d95848